Top 20 Chess Players (by FIDE Rating) - Statistics

General Stats
  • This quiz has been taken 45 times
  • The average score is 12 of 20
Answer Stats
Rating Country Player % Correct
2855 Norway Magnus Carlsen
100%
2799 China Ding Liren
90%
2791 United States Fabiano Caruana
88%
2736 United States Hikaru Nakamura
78%
2782 Russian Federation Ian Nepomniachtchi
78%
2782 Armenia Levon Aronian
78%
2774 Netherlands Anish Giri
73%
2766 France Maxime Vachier Lagrave
70%
2751 India Viswanathan Anand
68%
2770 France Alireza Firouzja
65%
2763 Hungary Richard Rapport
65%
2772 United States Wesley So
65%
2756 Poland Jan Krzysztof Duda
63%
2773 Russian Federation Alexander Grischuk
50%
2743 Russian Federation Sergey Karjakin
50%
2765 Azerbaijan Shakhriyar Mamedyarov
50%
2763 Azerbaijan Teimour Radjabov
38%
2744 China Wang Hao
38%
2752 United States Leinier Dominguez Perez
25%
2734 Russian Federation Nikita Vitiugov
3%
No matching quizzes found
Score Distribution
Percent of People with Each Score
Percentile by Number Answered
Your Score History
You have not taken this quiz